| Registos Bibliográficos associados ao registo de autoridade |
|
Etiqueta de registo: 00230nam 2200025 450 001 1736892 003 http://id.bnportugal.gov.pt/bib/catbnp/1736892 021 ## $aPT$b283545/08 100 ## $a20100209d2008 m y0pory0103 ba 101 0# $aporita 102 ## $aPT 105 ## $ay z 000yy 106 ## $ar 200 1# $aMetodologia do treino desportivo, do planeamento à execução$f[ed.] Federação Portuguesa de Canoagem$gcoord. José Luís Garcia 210 #9 $aPorto$cF.P.C.,$d2008 215 ## $a144 p.$cil.$d21 cm 320 ## $aContém bibliografia 675 ## $a797.12.015$vBN$zpor$31412913 702 #1 $93$aGarcia,$bJosé Luís$4340$31409834 712 02 $aFederação Portuguesa de Canoagem$4340$349396 801 #0 $aPT$bBN$gRPC 900 ## $aBIBNAC$d20100420 966 ## $lBN$mFGMON$sB.A. 31150 V.$x1 966 ## $lBN$mFGMON$sB.A. 31150 V.-D$x1
Etiqueta de registo: 00254nkm 2200109 450 001 1313570 003 http://id.bnportugal.gov.pt/bib/catbnp/1313570 100 ## $a20050225d1982 am y0pory0103 ba 101 0# $apor 102 ## $aPT 200 1# $aCanoagem$bVisual gráfico]$eII descida internacional do Ave$fFederação Portuguesa de Canoagem, Ginásio Clube Vilacondense 210 #9 $aVila do Conde$cG.C.V.,$d1982 215 ## $a1 cartaz$ccolor.$d41x32 cm 330 ## $aRep. fot. de prova do desporto anunciado 675 ## $a797.1(469.121)"1982"(084.5)$vBN$zpor$3911940 675 ## $a766(=1:469)"198"(084.5)$vBN$zpor$31302430 710 02 $aFederação Portuguesa de Canoagem$349396 711 02 $aGinásio Clube Vilacondense$4070$31576435 801 #0 $aPT$bBN$gRPC 966 ## $lBN$mICONOG$sCT. 749 V.$x0 997 ## $aBIBEOD
Etiqueta de registo: 00691cas 02200253 04500 001 106574 003 http://id.bnportugal.gov.pt/bib/catbnp/106574 005 19981120100900.0 095 ## $aPTBN00110750 100 ## $a19880105a19879999m y0pora0103 ba 101 0# $apor 102 ## $aPT 200 1# $aÁguas lusas$fFederação Portuguesa de Canoagem 207 #0 $aNº1 (Jan./Fev. 1987)- 210 #9 $aPorto$cF.P.C.,$d1987- 215 ## $d30 cm 326 ## $aBimestral 606 ## $aDesportos$2BN-P$311266 675 ## $a797.1(464)(05)$vmed$zpor$3325917 712 02 $aFederação Portuguesa de Canoagem$4650$349396 801 #0 $aPT$bBN$gRPC 966 ## $lBN$mFGREV$sP.P. 18532 V. 998 ## $aBN884 - 00170
Etiqueta de registo: 00918ckm 2200265 450 001 251545 003 http://id.bnportugal.gov.pt/bib/catbnp/251545 005 19981205105900.0 095 ## $aPTBN00261691 100 ## $a19901026d1990 am y0pory0103 ba 101 0# $apor 102 ## $aPT 200 1# $aCampeonato nacional de velocidades$bVisual gráfico]$fFCP$gdesign H. Casaca 210 #9 $a[Porto]$cF.P.C.,$d1990 215 ## $a1 cartaz$ccolor.$d61x42 cm 675 ## $a797.1(469.121)"1990"(084.5)$vBN$zpor$3432800 675 ## $a766(=1:469)"199"(084.5)$vBN$zpor$3589138 702 #1 $aCasaca,$bH.$4410$372466 710 12 $aCampeonato Nacional de Velocidade de Canoagem,$eMelres (Porto),$f1990$348524 712 02 $aFederação Portuguesa de Canoagem$4557$349396 801 #0 $aPT$bBN$gRPC 856 40 $uhttps://purl.pt/16237 856 41 $uhttps://purl.pt/16237/service/media/cover/low 958 ## $aBND$bInterno$cDigitalizado 966 ## $lBN$mICONOG$sCT. 6417 A.$x1
Etiqueta de registo: 00847ckm 02200241 04500 001 196222 003 http://id.bnportugal.gov.pt/bib/catbnp/196222 005 19981129235100.0 095 ## $aPTBN00203580 100 ## $a19880502d1988 am y0pora0103 ba 101 0# $apor 102 ## $aPT 200 1# $a4ª Maratona de Fão$bVisual gráfico]$ecanoagem$ecampeonato nacional de maratonas$fClube Náutico de Fão, Federação Portuguesa de Canoagem 210 #9 $aFão$cC.N.,$d1988 215 ## $a1 cartaz$ccolor.$d46x32 cm 330 ## $aDes. simplificado de casario com rio em 1º plano 675 ## $a797.1(469.112)"1988"(084.5)$vBN$zpor$31276152 675 ## $a766(=1:469)"198"(084.5)$vBN$zpor$31302430 710 12 $aMaratona de Fão,$d4,$f1988$31149739 712 02 $aClube Náutico de Fão$4557$3394240 712 02 $aFederação Portuguesa de Canoagem$4557$349396 801 #0 $aPT$bBN$gRPC 966 ## $lBN$mICONOG$sCT. 3598 V. 997 ## $aBIBEOD 998 ## $aBN8819 - 00228
Etiqueta de registo: 00591cam 02200205 04500 001 125069 003 http://id.bnportugal.gov.pt/bib/catbnp/125069 005 19981121095200.0 021 ## $aPT$b24432/88 095 ## $aPTBN00130640 100 ## $a19881128d1988 km y0pora0103 ba 101 0# $apor 102 ## $aPT 200 1# $aPlano estratégico de desenvolvimento, 1989-1992$fFederação Portuguesa de Canoagem 210 #9 $a[Lisboa]$cF.P.C.,$dD.L. 1988 215 ## $a71, [1] p.$d30 cm 675 ## $a797.1$vBN$zpor$3295892 710 02 $aFederação Portuguesa de Canoagem$349396 801 #0 $aPT$bBN$gRPC 966 ## $lBN$mFGMON$sB.A. 10528 V. 997 ## $aBIBEOD
Etiqueta de registo: 00954cam 02200265 04500 001 455210 003 http://id.bnportugal.gov.pt/bib/catbnp/455210 005 19990101000000.0 095 ## $aPTBN00657625 100 ## $a19940919d1994 m y0pory0103 ba 101 0# $aeng 102 ## $aPT 105 ## $aa z 000yy 106 ## $ar 200 1# $a2hd Canoe Polo World Championships 1996$ecandidature$ePortugal, Alentejo$fInternational Canoe Federation, Portuguese Canoe Federation$g[texts] Carlos Neves, Carlos Viegas$gtrad. Carlos Neves 210 #9 $aPorto$cP.C.F.,$d[D.L. 1994] 215 ## $a20 p.$cil.$d29 cm 606 ## $2SIPOR$3147745 675 ## $a797.1(469.521)"1996"$vBN$zpor$3556959 702 #1 $aViegas,$bCarlos$4070$3146039 702 #1 $91$aNeves,$bCarlos$4070$3145029 710 02 $aFederação Internacional de Canoagem$3146040 711 02 $aFederação Portuguesa de Canoagem$4070$349396 801 #0 $aPT$bBN$gRPC 966 ## $c2$lBN$mFGMON$sB.A. 13242 V.$x1 966 ## $c2$lBN$mFGMON$sB.A. 13242 V.$x1 997 ## $aBIBEOD
Etiqueta de registo: 00958cam 02200265 04500 001 455207 003 http://id.bnportugal.gov.pt/bib/catbnp/455207 005 19990101000000.0 095 ## $aPTBN00657622 100 ## $a19940919d1994 m y0pory0103 ba 101 1# $apor$ceng 102 ## $aPT 105 ## $aa z 000yy 106 ## $ar 200 1# $a2º Campeonato do Mundo de Kayak-Polo 1996$ecandidatura$ePortugal, Alentejo$fFederação Internacional de Canoagem, Federação Portuguesa de Canoagem$gtextos Carlos Neves, Carlos Viegas 210 #9 $aPorto$cFPC,$d[D.L. 1994] 215 ## $a20 p.$cil.$d29 cm 606 ## $2SIPOR$3147745 675 ## $a797.1(469.521)"1996"$vBN$zpor$3556959 702 #1 $91$aNeves,$bCarlos$4070$3145029 702 #1 $aViegas,$bCarlos$4070$3146039 710 02 $aFederação Internacional de Canoagem$3146040 711 02 $aFederação Portuguesa de Canoagem$4070$349396 801 #0 $aPT$bBN$gRPC 966 ## $c2$lBN$mFGMON$sB.A. 13241 V.$x1 966 ## $c2$lBN$mFGMON$sB.A. 13241 V.$x1 997 ## $aBIBEOD
Etiqueta de registo: 00651cam 02200217 04500 001 35452 003 http://id.bnportugal.gov.pt/bib/catbnp/35452 005 19981112154200.0 095 ## $aPTBN00036431 100 ## $a19870304d1986 m y0pory0103 ba 101 0# $apor 102 ## $aPT 200 1# $aEm homenagem a Jacinto Regueira e Pedro Cuesta$fFederação Portuguesa de Canoagem 210 #9 $a[S.l.]$cF.P.C.,$d1986$ePorto :$gTip. A Desportiva) 215 ## $a47 p.$cil.$d22 cm 675 ## $a797.1$vmed$zpor$3295892 710 02 $aFederação Portuguesa de Canoagem$349396 801 #0 $aPT$bBN$gRPC 966 ## $lBN$mFGMON$sB.A. 10030 V. 997 ## $aBIBEOD 998 ## $aBN003 - 00339
Etiqueta de registo: 00000nkm 2200025 450 001 2267537 003 http://id.bnportugal.gov.pt/bib/catbnp/2267537 100 ## $a20260216d1990 m y0pory01030103ba 101 0# $apor 102 ## $aPT 200 1# $aÓbidos, canoagem, campeonato nacional de clubes, pista internacional de remo da Lagoa
d'Óbidos, 1 de abril 1990$bVisual gráfico]$fCâmara Municipal de Óbidos, Federação Portuguesa de Canoagem 210 #9 $aÓbidos$cCâmara Municipal de Óbidos,$d1990 215 ## $a1 cartaz$ccolor.$d42,2x30 cm 317 ## $aColeção Madeira Luís 675 ## $a766(=1:469)"1990"(084.5)$vBN$zpor$31974866 710 01 $aÓbidos.$bCâmara Municipal$3103112 711 02 $aFederação Portuguesa de Canoagem$349396 801 #0 $aPT$bBN$gRPC 830 ## $aCartaz contém um autocolante no canto superior esquerdo da 3.a Bienal Internacional
de Óbidos 966 ## $lBN$mICONOG$sCT. 14104 V.$x3 971 ## $cCatmusica8$d20260216 995 ## $aPRR2026 $d20260216$iCatmusica8
Etiqueta de registo: 00000nkm 2200025 450 001 2269608 003 http://id.bnportugal.gov.pt/bib/catbnp/2269608 100 ## $a20260220d1990 m y0pory01030103ba 101 0# $apor$aeng 102 ## $aPT 200 1# $aCrestuma-marathon 90, 90.08.26$bVisual gráfico]$fICFIC et al.$gDesenho: José Vigário 210 #9 $a[S.l.]$cInternational Canoe Federation,$d1990 215 ## $a1 cartaz$ccolor.$d44,5x63,5 cm 317 ## $aColeção Madeira Luís 702 #1 $aVigário,$bJosé$4440$31986505 710 02 $aCrestuma-marathon,$eCrestuma (Vila Nova de Gaia),$f1990$31986511 712 02 $aFederação Internacional de Canoagem$3146040 712 02 $aFederação Portuguesa de Canoagem$349396 712 01 $aVila Nova de Gaia.$bCâmara Municipal$320628 712 02 $aClube Náutico de Crestuma$3230493 801 #0 $aPT$bBN$gRPC 966 ## $lBN$mICONOG$sCT. 21462 A.$x3 971 ## $cCaticonografia3$d20260220 995 ## $aPRR2026 $d20260220$iCaticonografia3
Etiqueta de registo: 00000nkm 2200025 450 001 2274954 003 http://id.bnportugal.gov.pt/bib/catbnp/2274954 100 ## $a20260303d1990 m y0pory01030103ba 101 0# $apor$aeng 102 ## $aPT 200 1# $aMaratona do Tejo 90, V Rali Náutico do Tejo, Vila Velha de Ródão - Lisboa, 28 de abril
a 1 de maio$bVisual gráfico]$fFederação Portuguesa de Canoagem 210 #9 $a[Porto]$cFederação Portuguesa de Canoagem,$d1990 215 ## $a1 cartaz$ccolor.$d50x34,9 cm 316 ## $aContém um autocolante com a designação do rali em inglês 317 ## $aColeção Madeira Luís 710 02 $aMaratona do Tejo,$eVila Velha de Ródão - Lisboa,$f1990$31988556 711 02 $aRali Náutico do Tejo,$d5,$eVila Velha de Ródão - Lisboa,$f1990$4570$31988560 712 02 $aFederação Portuguesa de Canoagem$4557$349396 801 #0 $aPT$bBN$gRPC 966 ## $lBN$mICONOG$sCT. 23140 A.$x3 971 ## $cCaticonografia1$d20260303 995 ## $aPRR2026
Etiqueta de registo: 00000nkm 2200025 450 001 2275751 003 http://id.bnportugal.gov.pt/bib/catbnp/2275751 100 ## $a20260304d1990 m y0pory01030103ba 101 0# $apor 102 ## $aPT 200 1# $aMaratona do Cávado, Campeonato Nacional, Prado, 22-04-90$bVisual gráfico]$fClube Náutico de Prado, Federação Portuguesa de Canoagem$gJomy 210 #9 $a[S.l.]$cClube Náutico de Prado$cFederação Portuguesa de Canoagem,$d1990 215 ## $a1 cartaz$ccolor.$d61,8x43,5 cm 316 ## $aCartaz contém um pedaço de fita cola na parte superior direita do documento, dano
resultante da remoção de uma fita cola na parte superior esquerda$5PTBN: CT. 23137 A. 317 ## $aColeção Madeira Luís 702 #1 $aJomy$4440$31988922 710 02 $aMaratona do Cávado,$bCampeonato Nacional,$ePrado (Vila Verde),$f1990$31988921 712 02 $aClube Naútico de Prado$4557$3213339 712 02 $aFederação Portuguesa de Canoagem$4557$349396 801 #0 $aPT$bBN$gRPC 966 ## $lBN$mICONOG$sCT. 23137 A.$x3 971 ## $cCaticonografia1$d20260304 995 ## $aPRR2026
Etiqueta de registo: 00000nkm 2200025 450 001 2275527 003 http://id.bnportugal.gov.pt/bib/catbnp/2275527 100 ## $a20260304d1991 m y0pory01030103ba 101 0# $apor 102 ## $aPT 200 1# $aMaratona do Tejo, VI Rali Náutico, VBila Velha de Ródão-Lisboa, 25 a 28 abril 91$bVisual gráfico]$fFederação Portuguesa de Canoagem 210 #9 $a[Porto]$cFederação Portuguesa de Canoagem,$d1991 215 ## $a1 cartaz$ccolor.$d40,5x59,5 cm 317 ## $aColeção Madeira Luís 710 02 $aMaratona do Tejo,$eVila Velha de Ródão - Lisboa,$f1991$31988804 711 02 $aRali Náutico,$d6,$eVila Velha de Ródão - Lisboa,$f1991$4570$31988805 712 02 $aFederação Portuguesa de Canoagem$4557$349396 801 #0 $aPT$bBN$gRPC 966 ## $lBN$mICONOG$sCT. 23135 A.$x3 971 ## $cCaticonografia1$d20260304 995 ## $aPRR2026
|
|
|